Úcta k Sedembolestnej Panne Márii

Bibliographic Details
Other Authors: Malý, Vincent, 1922-2008 (Compiler)
Format: Book
Language:Slovak
PhysicalDescription:82 s. 15 cm
Published: Bratislava Lúč 2014
ISBN:9788071149491 (brož.)
Edition:2. dopl. a preprac. vyd.
Subjects:

MARC

LEADER 00000nam a2200000 a 4500
001 vtls010594525
003 SK-MaSNL
005 20260301144316.0
008 160429s2014 xo g 000 0 slo
015 |a SNBA2014/07 
020 |a 9788071149491 (brož.) 
035 |a 26998692-D01C-4672-AD99-47B43EE29421 
035 |a urn:nbn:sk:snk-amkchd 
035 |a urn:nbn:sk:snk-am003wdy 
040 |a SNK  |b slo  |c SNK  |e AACR2 
041 0 |a slo 
044 |a xo  |c SK 
072 7 |a 27-5  |x Liturgia. Kresťanské umenie a symbolika. Duchovný život  |2 konspekt 
080 |a 27-312.47-5  |2 2001 
080 |a 27-184.3  |2 2001 
080 |a 272-534.3  |2 2001 
080 |a (0:82-97)  |2 2001 
245 0 0 |a Úcta k Sedembolestnej Panne Márii  |c zostavil Vincent Malý 
250 |a 2. dopl. a preprac. vyd. 
260 |a Bratislava  |b Lúč  |c 2014 
300 |a 82 s.  |c 15 cm 
500 |a Texty prevzaté z liturgických kníh sa zhodujú s pôvodinou 
600 0 7 |a Mária,  |c matka Ježišova, svätá  |2 SNKMA  |9 157751 
650 0 7 |a mariánsky kult  |2 SNKPH  |9 1996 
650 0 7 |a kresťanská viera  |2 SNKPH  |9 1712 
650 0 7 |a katolícke modlitby  |2 SNKPH  |9 4273 
650 0 7 |a Marian cult  |2 SNKPHeng  |9 319610 
650 0 7 |a Christian faith  |2 SNKPHeng  |9 266204 
650 0 7 |a Catholic prayers  |2 SNKPHeng  |9 308952 
655 7 |a modlitby  |2 SNKPH  |9 70550 
655 7 |a Prayers  |2 SNKPHeng  |9 291214 
700 1 |a Malý, Vincent,  |d 1922-2008  |4 com  |9 102577 
919 |a 978-80-7114-949-1 
958 |a NT 
999 |c 776749  |d 778679 
952 |a SNK  |b SNK  |y PREZ  |7 0  |p 17A1109644  |o snkSE 12824  |i snk2014/10603  |8 0  |0 0  |1 0  |4 0  |d 2014-05-02  |f 1  |l 0  |r 2026-02-24 00:52:37  |w 2026-02-24 
952 |a SNK  |b SNK  |y VYP  |7 0  |p 17A1109643  |o snkSE 12824 D1  |i snk2014/10604  |8 0  |0 0  |1 0  |4 0  |d 2014-05-02  |l 0  |r 2026-02-24 00:52:37  |w 2026-02-24